|
|
|
|
| LEADER |
01220nam a2200253 a 4500 |
| 001 |
4502963 |
| 008 |
091004s1996 bg b i100 0 eng d |
| 010 |
|
|
|a 97902023
|
| 040 |
|
|
|a DLC
|c DLC
|
| 082 |
0 |
0 |
|a 362.5/095492/2
|2 21
|
| 111 |
2 |
|
|a CIRDAP-BBS National Seminar on Poverty Monitoring
|d (1997 :
|c Dhaka, Bangladesh)
|
| 245 |
1 |
0 |
|a Report on CIRDAP-BBS National Seminar on Poverty Monitoring, Dhaka, Bangladesh, 30 April 1997
|h [microform].
|
| 260 |
|
|
|a Dhaka :
|b Centre on Integrated Rural Development for Asia and the Pacific :
|b Bangladesh Bureau of Statistics,
|c 1996.
|
| 300 |
|
|
|a 109 p. ;
|c 30 cm.
|
| 490 |
1 |
|
|a CIRDAP study series ;
|v 174
|
| 504 |
|
|
|a Includes bibliographical references (p. 97)
|
| 541 |
1 |
|
|e 00006320
|
| 650 |
|
0 |
|a Poverty
|z Bangladesh
|x Congresses.
|
| 710 |
2 |
|
|a Center on Integrated Rural Development for Asia and the Pacific.
|
| 710 |
2 |
|
|a Bangladesh bureao of statistics.
|
| 830 |
|
0 |
|a CIRDAP study series ;
|v no. 174.
|
| 852 |
4 |
|
|a Ayesha Abed Library
|j General shelf
|
| 999 |
|
|
|c 4462
|d 4462
|
| 952 |
|
|
|0 0
|1 0
|2 ddc
|4 0
|6 362_509549220000000_REP_1997
|7 0
|9 4173
|a BRACUL
|b BRACUL
|c GEN
|d 2009-10-11
|g 0.00
|l 0
|o 362.50954922 REP
|p 3010006320
|r 2009-10-11
|t 1
|w 2009-10-11
|y BK
|x No price found in the accession register.
|